000 00428nam a2200181Ia 4500
001 2757
005 20260306144830.0
008 260306t1988||||xx |||||||||||||| ||spa||
041 _aESP
082 _a226.2
_bM28
100 _aSaint Matthew
_eAUT
245 4 _aThe navarre bible:
_bSaint Mattews Gospel
260 _c1988
300 _a236 páginas :
_c22 cm.
650 _aGEN
654 _aCHU
942 _cLIB
_dJUS
_fJUS
_2ddc
_n
999 _c2757
_d2757